| 000 | 00515nam a2200193Ia 4500 | ||
|---|---|---|---|
| 005 | 20260429112215.0 | ||
| 008 | 260429s9999||||xx |||||||||||||| ||und|| | ||
| 020 | _a9781032934167 | ||
| 041 | _aEnglish | ||
| 082 |
_a610.284 _bPAR |
||
| 100 | _aPark, Joon B. | ||
| 245 | 0 |
_aBiomaterials : _bprinciples and applications / _cJoon B. Park |
|
| 260 |
_aBoca Raton : _bCRC Press, _c2002. |
||
| 300 | _a250 p.; pbk | ||
| 650 | _a Biomaterials | ||
| 650 | _aMedicine | ||
| 700 | _a Bronzin, Joseph D. | ||
| 942 | _cTB | ||
| 999 |
_c52896 _d52896 |
||